Vauxhall Car Models Worldwide 2024-25 - Statistics

General Stats
  • This quiz has been taken 206 times
    21 since last reset
  • The average score is 10 of 19
Answer Stats
Hint Answer % Correct
Subcompact Hatchback Corsa
93%
Subcompact Hatchback EV Corsa-e
93%
Compact Hatchback Astra
87%
Compact Wagon Astra Sports Tourer
87%
Compact Crossover Grandland
60%
Compact Crossover EV Grandland-e
60%
Subcompact Crossover Mokka
60%
Subcompact Crossover EV Mokka-e
60%
Commercial Van Combo
40%
Commercial Van EV Combo-e
40%
Leisure Activity Vehicle Combo Life
40%
Commercial Van Vivaro
40%
Commercial Van EV Vivaro-e
40%
Minivan EV Vivaro-e Life
40%
Minivan Vivaro Life
40%
Commercial Van Movano
27%
Commercial Van EV Movano-e
27%
Subcompact Crossover Frontera
20%
Subcompact Crossover EV Frontera-e
20%
No matching quizzes found
Score Distribution
Percent of People with Each Score
Percentile by Number Answered
Your Score History
You have not taken this quiz since the last reset